| 000 | 00508nam a2200157Ia 4500 | ||
|---|---|---|---|
| 008 | 220216s9999 xx 000 0 und d | ||
| 100 | _aAsokan M.P. | ||
| 245 | 0 | _aPlant regeneration from anther culture of rubber tree (Hevea brasiliensis) | |
| 260 |
_bInternational Natural Rubber Conference, 5-8 February 1992, Bangalore, India, pp.51 _c1992 |
||
| 650 | _aAnther culture | ||
| 650 | _aPlant regeneration | ||
| 700 | _aJayasree P.K. | ||
| 700 | _aSobhana P. | ||
| 700 | _aSushamakumari S. | ||
| 942 | _cBS | ||
| 999 |
_c48886 _d48886 |
||